| 000 | 00425nam a22001577a 4500 | ||
|---|---|---|---|
| 020 | _a0 406 22066 2 | ||
| 082 | _a343.410 66 HAY | ||
| 100 | _aHayllar,R.F. | ||
| 245 | _aUK Taxation Of Offshore Oil and Gas | ||
| 260 |
_aLondon _bButterworth&Co publishers Ltd _c1977 |
||
| 300 |
_a211p. _bill,;25cm |
||
| 500 | _aincludes; index | ||
| 650 | _aUK Taxation Of Offshore Oil and Gas | ||
| 700 | _aPleasance, R.T. | ||
| 942 | _cBK | ||
| 999 |
_c17956 _d17956 |
||